Представление документа в формате MARC21

ПолеНазваниеЗначение
  Тип записи a
  Библиографический уровень m
001 Контрольный номер RU\infra-m\znanium\bibl\2235314
005 Дата корректировки 20260429142210.8
008 Кодируемые данные 260120s2025 RU g rus u
020 Индекс ISBN __
a ISBN 978-5-9614-2536-9
040 Источник каталогиз. __
a Служба первич. каталог. Общество с ограниченной ответственностью «ЗНАНИУМ»
041 Код языка издания __
a Код языка текста rus
044 Код страны публикации __
a Код страны публикации RU
080 Индекс УДК __
a Индекс УДК 78
084 Индекс другой классификации/Индекс ББК __
2 Источник индекса rubbk
a Индекс другой классификации/Индекс ББК 8531
084 Индекс другой классификации/Индекс ББК __
2 Источник индекса okso
a Индекс другой классификации/Индекс ББК 37.03.01
100 Автор __
a Автор Бреан А.
q Полное имя Бреан Аре
245 Заглавие __
a Заглавие Музыка и мозг: Как музыка влияет на эмоции, здоровье и интеллект
b Продолж. заглавия А.Бреан,Г.Скейе; Практическое пособие
250 Сведения об издании __
a Основные сведения об издании 1
260 Выходные данные __
a Место издания Москва
b Издательство ООО "Альпина Паблишер"
c Дата издания 2026
300 Физическое описание __
a Объем 296 с.
520 Аннотация __
a Аннотация Мозг знает о нас всё и управляет нами. А еще наш мозг очень чутко реагирует на музыку - так что ищет мелодии и ритмы даже в повседневном шуме. Многие из нас считают что мелодия и гармония - лучшие лекарства от хандры а прослушивание классических музыкальных произведений может сделать нас умнее и излечить серьезные недуги. Правда ли это? Неужели музыка действительно обладает такой силой воздействия на организм человека? Норвежские преподаватели нейробиологии музыки Аре Бреан и Гейр Ульве Скейе помогают заглянуть внутрь собственной головы и посмотреть что там происходит когда вы слушаете любимую песню.
521 Примеч. о цел. назн. __
a Примеч. о целев. назн. Дополнительное профессиональное образование
650 Тематические рубрики __
a Основная рубрика Психология
x Основная подрубрика Популярная литература по психологии
655 Указ. предметных рубрик (устаревшее) __
a Жанр/ форма (устаревшее) Практическое пособие
700 Другие авторы __
a Другие авторы Скейе Г.
q Полное имя Скейе Гейр Ульве
856 Электронный адрес документа 4_
a Имя сервера/домена znanium.ru
m Помощь ebs_support@infra-m.ru
n Местонахождение сервера НИЦ ИНФРА-М
u URL https://znanium.ru/catalog/document?id=473583
856 Электронный адрес документа 48
a Имя сервера/домена znanium.ru
d Путь /cover/2235
f Электронное имя 2235314.jpg
q Тип электронного формата image/jpeg
u URL https://znanium.ru/cover/2235/2235314.jpg
911 __
u 0030=https://znanium.ru/catalog/document?id=473583